000 00594nam a22001817a 4500
005 20251108164259.0
008 250721s1985 xx 000 0 ara d
082 1 4 _a375/حمد
100 1 _aحمدان، محمد زياد
245 1 0 _aتنفيذ المنهج :
_bكتاب للمختصين و الإداريين و التربويين /
264 1 _aعمان :
_bدار التربية الحديثة،
_c1985.
300 _a378ص.
490 0 _aسلسلة التربية الحديثة ؛ 18
650 1 7 _aالتربية
650 1 7 _aالمناهج
942 _2ddc
_cBK
999 _c8240
_d8240